00489nam a22001817a 450000500170000001000150001702000220003203500130005403700130006708200080008010000160008824500510010426000320015527000540018730000230024150000400026470000030030420100816141711.0 aENG-100692 c70.00a8189985744 aEN-84225 bDBAD/PUB a809 aSathiya, M. aRealisam in Kamala Markandaya /cby M. Sathiya aChennaibMayura Booksc2008 a12/1, East Mada Street, MylaporebChennaie600004 a75 p. b20cm (Pbk) aIncludes bibliographical references